Bill, galaktický hrdina. Na planetě nechutných rozkoší /

Hlavní autor: Harrison, Harry, 1925-2012
Další autoři: Bischoff, David F., 1951-
Jazyk: Čeština
Vydáno: [Praha] : Classic And, 1996
Edice: Science fiction (Classic And)
Témata:
Fyzický popis: 158 s. ; 18 cm
Knihy
Uloženo v:
LEADER 01278nam a2200361 a 4500
001 001131440
003 CZ BrMZK
005 20101217104343.0
007 ta
008 980610s1996 xr g 000 f cze
015 |a cnb000354204 
020 |a 80-85782-62-6  |q (brož.) 
035 |a (OCoLC)40090647 
040 |a BOA001  |b cze 
041 1 |a cze  |h eng 
072 7 |a 821.111(73)-3  |x Americká próza  |2 Konspekt  |9 25 
080 |a 821.111(73)-31  |2 MRF 
080 |a (0:82-311.9)  |2 MRF 
100 1 |a Harrison, Harry,  |d 1925-2012  |7 jn20010310441  |4 aut 
245 1 0 |a Bill, galaktický hrdina.  |p Na planetě nechutných rozkoší /  |c Harry Harrison a David Bischoff ; [překlad Alexandra Boloňská] 
246 3 0 |a Na planetě nechutných rozkoší 
260 |a [Praha] :  |b Classic And,  |c 1996 
300 |a 158 s. ;  |c 18 cm 
490 1 |a Science fiction 
500 |a Přeloženo z angličtiny 
655 7 |a americké romány  |7 fd131796  |2 czenas 
655 7 |a vědecko-fantastické romány  |7 fd133847  |2 czenas 
700 1 |a Bischoff, David F.,  |d 1951-  |7 xx0010351  |4 aut 
830 0 |a Science fiction (Classic And) 
910 2 |a BOA001  |b 1-1253.868 
990 |a BK 
991 |b 201012  |e b 
996 6 |b 2610456188  |c 1-1253.868  |l MZK  |r Sklad / do 1 hodiny  |n 0  |p dar  |w 001160854  |u 000010  |a 1  |e BOA001  |j MZK50  |s P